000 00975nam a2200265 i 4500
001 bg
245 0 0 _aSystem Zapewniania Jakości Kształcenia w Politechnice Warszawskiej :
_bkomentarze /
_coprac. pod red. Bohdana Macukowa.
260 _aWarszawa :
_bOficyna Wydawnicza Politechniki Warszawskiej,
_c2007.
300 _a67 s. ;
_c23 cm.
504 _aBibliogr. s. 66-67.
610 2 9 _aPolitechnika Warszawska
650 9 _aNauczanie
_xefektywność
_xszkoły wyższe
_zPolska
_yod 2001 r.
651 9 _aWarszawa
_xszkolnictwo wyższe
_yod 2001 r.
700 1 _aMacukow, Bohdan
_d(1946- ).
_eRed.
015 _aPB 25422/2007
020 _a9788372076878
040 _cBPK
041 0 _apol
044 _aPOL
080 _a378.6.014.61:62:37.091.3::005.336.1](438)"2001/..."
920 _a978-83-7207-687-8
942 _cKS
008 070824s2007 pl |000 0 pol
999 _c55122
_d55122
856 _uhttp://koha.tu.koszalin.pl/cgi-bin/koha/opac-detail.pl?biblionumber=55122
_yKatalog online BPK